000 00535nam a22001697a 4500
005 20251108171958.0
008 250721s1986 xx 000 0 ara d
082 1 4 _a616.9/إيد
100 1 _aبيدس، إميل خليل
_eمحرر
245 1 0 _aإيدز :
_bالوباء الرهيب القاتل أسبابه و الوقاية منها /
264 1 _aبيروت :
_bدار الآفاق الجديدة،
_c1986.
300 _a303ص
650 1 7 _aالإيدز
650 1 7 _aالأمراض
942 _2ddc
_cBK
999 _c67413
_d67413